000 00783nam a22002417a 4500
001 38892
003 BD-RjUL
005 20211209052859.0
008 160320s2014 bg ||||| |||| 00| 0 ben d
020 _a9843000006515
_c: Tk. 150.00
035 _a(BD-RjUL)39002
040 _aBD-RjUL
_bben
_cBD-RjUL
041 _aben
082 _223
_a891.441
_bHAS 2014
100 _aহক, মালিহা
_9119775
245 _aশুধু তোমার জন্য /
_cমালিহা হক
250 _a১ম সংস্করণ।
260 _aঢাকা :
_bপ্রকৃতি,
_c২০১৪
300 _a৯৬ পৃ.;
_c২২ সেমি.
650 _aবাংলা কবিতা
_9129238
650 _aBengali Poetry
_9129239
942 _2ddc
_cBK
_01
999 _c38892
_d38892